000 01230nam0a22003011 4500
001 rc\4288332
005 20130416123245.6
021 _aRU
_bРг2296-61
035 _a(NLR Aleph) 008251109
090 _a8336607
_c8336607
100 _a20130416d1960 |||y0rusy50 ca
101 0 _arus
102 _aRU
105 _aa z |||||
200 1 _aМагнитные усилители в реверсивных приводах
_fГос. науч.-техн. ком. Совета Министров СССР. Центр. ин-т науч.-техн. информации электротехн. пром. и приборостроения
210 _aМосква
_cБ. и.
_d1960
215 _a11 с.
_cил.
_d28
225 1 _aЭлектротехническая промышленность за рубежом
_vПер. 5903-7
300 _aПер. из: "AEG-Mitt", 1959, 10/II, с. 538-542
300 _aНа 1-й с. авт.: Bielefeld X. H., Heinzerling H.C.
300 _aОтпеч. множит. аппаратом
700 1 _aБилефельд
_bК.
701 1 _aХейнцерлинг
_bХ. С.
801 0 _aRU
_bNLR
_gpsbo
801 1 _aRU
_bELAR
_2rusmarc
852 _aNLR
_j61-8/554
942 _cBOOK
980 _aNB